00502 a2200181 450000100060000002000150000604000240002110000230004524000360006824500310010430000070013536200090014244000100015165000310016194200070019295201040019999900170030346660 a8570566441 cAnchieta - Aquarius aJunqueira, Sônia10aA maravilhosa roupa do reilpor10aA maravilhosa roupa do rei a240 a1994 1aAtual 4aLiteratura infanto-juvenil cBK 00104070a87.1b87.1d2023-11-21l0o028.5 JUN MARp4697/AQUr2023-11-21 15:13:17w2023-11-21yBK c46660d46660